CLINICAL METHODS IN ENT (Record no. 121)

MARC details
000 -LEADER
fixed length control field 00339nam a2200145Ia 4500
008 - FIXED-LENGTH DATA ELEMENTS--GENERAL INFORMATION
fixed length control field 150201s2005 xx 000 0 und d
082 ## - DEWEY DECIMAL CLASSIFICATION NUMBER
Classification number 617.51
Item number C05W
100 ## - MAIN ENTRY--PERSONAL NAME
Personal name WAKODE, P.T.
245 ## - TITLE STATEMENT
Title CLINICAL METHODS IN ENT
250 ## - EDITION STATEMENT
Edition statement 1ST
260 ## - PUBLICATION, DISTRIBUTION, ETC. (IMPRINT)
Name of publisher, distributor, etc. JAYPEE BROTHERS
Place of publication, distribution, etc. DELHI
Date of publication, distribution, etc. 2005
300 ## - PHYSICAL DESCRIPTION
Extent 1-163
650 ## - SUBJECT ADDED ENTRY--TOPICAL TERM
Topical term or geographic name as entry element E.N.T.
942 ## - ADDED ENTRY ELEMENTS (KOHA)
Source of classification or shelving scheme Dewey Decimal Classification
Koha item type Books
Koha issues (borrowed), all copies 2
Holdings
Withdrawn status Lost status Source of classification or shelving scheme Damaged status Not for loan Home library Current library Shelving location Date acquired Source of acquisition Cost, normal purchase price SGTU Bill Number Total Checkouts Full call number Barcode Date last seen Bill Date Koha item type Collection code Serial Enumeration / chronology Date last checked out
    Dewey Decimal Classification     SGT Medical Library SGT Medical Library Text Book 06/02/2010 JAYPEE 450.00 SGTU 7215   617.51 C05W FM474 09/02/2015 09/03/2011 Books      
    Dewey Decimal Classification     SGT Medical Library SGT Medical Library Text Book 06/02/2010 JAYPEE 450.00 SGTU 7215   617.51 C05W FM475 09/02/2015 09/03/2011 Books MEDICAL    
    Dewey Decimal Classification   Not For Loan SGT Medical Library SGT Medical Library Reference Book 12/02/2010 U.B.S. DELHI 395.00 SGTU 950   617.51 C05W FM2141 09/02/2015 29/03/2011 Books MEDICAL I  
    Dewey Decimal Classification     SGT Medical Library SGT Medical Library Reference Book 12/02/2010 U.B.S. DELHI 395.00 SGTU 950 3 617.51 C05W FM2142 18/04/2023 29/03/2011 Books MEDICAL I 04/04/2023
    Dewey Decimal Classification     SGT Medical Library SGT Medical Library Reference Book 12/02/2010 U.B.S. DELHI 395.00 SGTU 950 2 617.51 C05W FM2143 18/09/2023 29/03/2011 Books MEDICAL I 09/09/2023